Analýza teoretických názorov na prirodzený monopol v jeho historickom kontexte
Vývoj názorov na prirodzený monopol v súlade s vývojom ekonomickej vedy a jej poznania. Názory viacerých autorov aj odporcov vzniku prirodzeného monopolu. Existencia prirodzeného monopolu sa postupne prijala, jeho analýza sa spresňovala. V 20. storočí sa vyžadovala kvantifikácia teoretických definí...
Uložené v:
| Hlavný autor: | |
|---|---|
| Médium: | Kapitola |
| Jazyk: | Slovak |
| Predmet: | |
| Tagy: |
Žiadne tagy, Buďte prvý, kto otaguje tento záznam!
|
MARC
| LEADER | 00000nla a2200000 4500 | ||
|---|---|---|---|
| 001 | 0226722 | ||
| 005 | 20240502083607.4 | ||
| 041 | 0 | |a slo | |
| 044 | |a CZ | ||
| 245 | 1 | 0 | |a Analýza teoretických názorov na prirodzený monopol v jeho historickom kontexte |c Alena Bašová |
| 520 | |a Vývoj názorov na prirodzený monopol v súlade s vývojom ekonomickej vedy a jej poznania. Názory viacerých autorov aj odporcov vzniku prirodzeného monopolu. Existencia prirodzeného monopolu sa postupne prijala, jeho analýza sa spresňovala. V 20. storočí sa vyžadovala kvantifikácia teoretických definícií a postupne sa začal v tejto oblasti využívať matematický aparát. Jednotlivé školy skúmali otázky prirodzeného monopolu v kontexte historických udalostí. | ||
| 610 | 2 | 0 | |a monopoly prirodzené |
| 610 | 2 | 0 | |a teórie ekonomické |
| 610 | 2 | 0 | |a náklady |
| 610 | 2 | 0 | |a náklady priemerné |
| 610 | 2 | 0 | |a tvorba cien |
| 100 | 1 | |a Bašová, Alena, 1961- | |